आभाळाची सावली (Record no. 404009)

MARC details
000 -LEADER
fixed length control field 00464nam a2200145Ia 4500
008 - FIXED-LENGTH DATA ELEMENTS--GENERAL INFORMATION
fixed length control field 100122s9999 xx 000 0 und d
082 ## - DEWEY DECIMAL CLASSIFICATION NUMBER
Item number 13128
Classification number 823
100 ## - MAIN ENTRY--PERSONAL NAME
Personal name कवठेकर दत्त र
245 ## - TITLE STATEMENT
Title आभाळाची सावली
260 ## - PUBLICATION, DISTRIBUTION, ETC. (IMPRINT)
Name of publisher, distributor, etc कुलकर्णी ग्रंथगार
Date of publication, distribution, etc 1965
300 ## - PHYSICAL DESCRIPTION
Extent 396
630 ## - SUBJECT ADDED ENTRY--UNIFORM TITLE
Uniform title आभाळाची सावली
730 ## - ADDED ENTRY--UNIFORM TITLE
Uniform title आभाळाची सावली
942 ## - ADDED ENTRY ELEMENTS (KOHA)
Koha item type Book

No items available.